[Event "OLNN 1718 SK Marmstorf - Schachfreunde"]
[Site "?"]
[Date "2018.02.25"]
[Round "7.5"]
[White "Jaeckle, Marco"]
[Black "Mueller, Jan Hendrik"]
[Result "1/2-1/2"]
[WhiteElo "2234"]
[BlackElo "2124"]
[PlyCount "242"]
[EventDate "2018.??.??"]

1. e4 e6 2. d4 d5 3. e5 c5 4. c3 Nc6 5. g3 Bd7 6. Ne2 Qb6 7. Bh3 Rc8 8. O-O h5
9. dxc5 Bxc5 10. b4 Be7 11. Be3 Qc7 12. f4 Nh6 13. Nd4 g6 14. Nd2 Nf5 15. Bxf5
exf5 16. N2f3 a6 17. Qd2 Nxd4 18. Bxd4 O-O 19. a4 b5 20. a5 Be6 21. Qe3 Qb7 22.
Nd2 Rc6 23. Nb3 Rc4 24. Rfd1 Rfc8 25. Rd3 R8c7 26. Nd2 R4c6 27. Kf2 Kf8 28. Rg1
Ke8 29. h3 Rd7 30. Qf3 Rc8 31. g4 fxg4 32. hxg4 Bxg4 33. Rxg4 hxg4 34. Qxg4 Rc4
35. Rh3 Rxd4 36. Rh8+ Bf8 37. cxd4 Qc6 38. Ke2 Rc7 39. Qh4 Rc8 40. Qh6 Ke7 41.
Qg5+ Kd7 42. f5 gxf5 43. Qxf5+ Qe6 44. Qxe6+ fxe6 45. Rh7+ Ke8 46. Ra7 Bxb4 47.
Nb3 Rc4 48. Nc5 Bxc5 49. dxc5 Rxc5 50. Rxa6 Kf7 51. Rb6 Kg6 52. a6 Kf5 53. Kd3
Rc4 54. Rxb5 Ra4 55. Rb6 Kxe5 56. Kc3 Ra1 57. Kb2 Ra5 58. Kc3 d4+ 59. Kb4 Ra1
60. Rb5+ Kf4 61. Ra5 Rxa5 62. Kxa5 d3 63. a7 d2 64. a8=Q d1=Q 65. Qf8+ Ke4 66.
Qb4+ Qd4 67. Qb1+ Qd3 68. Qh1+ Kd4 69. Qg1+ Kd5 70. Qg2+ Kd6 71. Qh2+ Kc6 72.
Ka4 Kd5 73. Qh5+ e5 74. Qf7+ Kd4 75. Qf6 Ke4 76. Qh4+ Ke3 77. Qg5+ Kd4 78. Qf6
Qc3 79. Qf2+ Qe3 80. Qf6 Kd3 81. Qf1+ Kd2 82. Qg2+ Kd3 83. Qf1+ Kd4 84. Qf6 Qf4
85. Qd6+ Kc3+ 86. Ka5 Qd4 87. Qa3+ Kd2 88. Qa2+ Ke3 89. Qb3+ Qd3 90. Qb6+ Ke2
91. Qg1 e4 92. Kb4 e3 93. Qg2+ Kd1 94. Qf3+ Kd2 95. Qf4 Qc3+ 96. Ka4 Kc2 97.
Qe4+ Qd3 98. Qc6+ Kd2 99. Qh6 Qc4+ 100. Ka3 Qc3+ 101. Ka2 Kc1 102. Qh1+ Kd2
103. Qh6 Kc2 104. Qg6+ Kd1 105. Qg1+ Qe1 106. Qg6 Qd2+ 107. Kb3 Qd5+ 108. Kc3
Qc5+ 109. Kb3 Qb5+ 110. Kc3 e2 111. Qg4 Qc5+ 112. Kb2 Qc2+ 113. Ka1 Qc1+ 114.
Ka2 Kd2 115. Qd4+ Kc2 116. Qa4+ Kd3 117. Qd7+ Kc3 118. Qc6+ Kd2 119. Qd5+ Kc2
120. Qb3+ Kd2 121. Qd5+ Kc2 1/2-1/2

[Event "OLNN 1718 SK Marmstorf - Schachfreunde"]
[Site "?"]
[Date "2018.02.25"]
[Round "7.6"]
[White "Hohlbein, Michael"]
[Black "Dietz, Juergen"]
[Result "0-1"]
[WhiteElo "2093"]
[BlackElo "2163"]
[PlyCount "50"]
[EventDate "2018.??.??"]

1. e4 e6 2. d3 d5 3. Nd2 Nf6 4. Ngf3 Bc5 5. e5 Nfd7 6. d4 Be7 7. Bd3 c5 8. c3
Nc6 9. O-O g5 10. dxc5 Bxc5 11. Nb3 Be7 12. Nbd4 Ndxe5 13. Bb5 Nxf3+ 14. Qxf3
Bd7 15. Bxc6 bxc6 16. Re1 c5 17. Nf5 exf5 18. Bxg5 Be6 19. Qh5 Qd6 20. Bf4 Qxf4
21. Rxe6 Qg4 22. Rxe7+ Kxe7 23. Re1+ Kf6 24. Qh6+ Qg6 25. Qf4 Rhe8 0-1

[Event "OLNN 1718 SK Marmstorf - Schachfreunde"]
[Site "?"]
[Date "2018.02.25"]
[Round "7.7"]
[White "Oelmeyer, Gerrit"]
[Black "Diekmann, Jens"]
[Result "1/2-1/2"]
[WhiteElo "2026"]
[BlackElo "2045"]
[PlyCount "26"]
[EventDate "2018.??.??"]

1. Nf3 c5 2. c4 Nf6 3. Nc3 d5 4. cxd5 Nxd5 5. g3 Nc6 6. Bg2 Nc7 7. O-O e5 8. d3
Be7 9. Nd2 O-O 10. Bxc6 bxc6 11. Qa4 Bh3 12. Rd1 Qd7 13. Nc4 f6 1/2-1/2

[Event "OLNN 1718 SK Marmstorf - Schachfreunde"]
[Site "?"]
[Date "2018.02.25"]
[Round "7.8"]
[White "Peschke, Matthias"]
[Black "Mix, Clemens"]
[Result "1/2-1/2"]
[WhiteElo "1982"]
[BlackElo "1968"]
[PlyCount "83"]
[EventDate "2018.??.??"]

1. c4 c5 2. g3 Nc6 3. Bg2 g6 4. Nc3 Bg7 5. d3 e6 6. e4 Nge7 7. Nge2 O-O 8. O-O
d6 9. Be3 Nd4 10. Rb1 Nec6 11. Qd2 b6 12. Bh6 Bb7 13. Bxg7 Kxg7 14. Nxd4 Nxd4
15. Ne2 Nxe2+ 16. Qxe2 Qd7 17. Rfd1 e5 18. Rf1 f5 19. f4 Rae8 20. Qd2 fxe4 21.
dxe4 exf4 22. Rxf4 Rxf4 23. Qxf4 Rf8 24. Qd2 Qe6 25. Rd1 Rd8 26. Qc3+ Kg8 27.
b3 Re8 28. Qd3 Bxe4 29. Bxe4 Qxe4 30. Qxe4 Rxe4 31. Rxd6 Kf7 32. Kf2 Re6 33.
Rd7+ Re7 34. Rxe7+ Kxe7 35. Ke3 Ke6 36. Ke4 h6 37. Kf4 Kf6 38. g4 Ke6 39. Ke4
Kd6 40. Kf4 Ke6 41. h4 Kf6 42. g5+ 1/2-1/2

[Event "OLNN 1718 Lübecker SV - Hamburger SK I"]
[Site "?"]
[Date "2018.02.25"]
[Round "7.1"]
[White "Gaede, Derek"]
[Black "Riess, Alexander"]
[Result "1/2-1/2"]
[WhiteElo "2316"]
[BlackElo "2305"]
[PlyCount "68"]
[EventDate "2018.??.??"]

1. d4 Nf6 2. Nf3 d5 3. Bf4 c5 4. e3 Nc6 5. Nbd2 e6 6. c3 Bd6 7. Bg3 O-O 8. Bb5
Ne7 9. Bd3 b6 10. e4 dxe4 11. Nxe4 Nxe4 12. Bxe4 Nd5 13. dxc5 Bxc5 14. O-O Bb7
15. Re1 b5 16. Be5 Be7 17. Qd3 f5 18. Bxd5 Qxd5 19. Qxd5 Bxd5 20. Nd4 a6 21. a3
Kf7 22. Rad1 Rfd8 23. Rd3 Bc5 24. Rg3 g6 25. Rh3 h5 26. f4 a5 27. b4 axb4 28.
axb4 Bxd4+ 29. Bxd4 Ra2 30. Rg3 Rda8 31. h4 Rc2 32. Kh2 Raa2 33. Rg1 Re2 34.
Be5 Be4 1/2-1/2

[Event "OLNN 1718 Lübecker SV - Hamburger SK I"]
[Site "?"]
[Date "2018.02.25"]
[Round "7.2"]
[White "Kololli, Martin"]
[Black "Bente, Bjoern"]
[Result "1-0"]
[WhiteElo "2297"]
[BlackElo "2236"]
[PlyCount "49"]
[EventDate "2018.??.??"]

1. f4 Nh6 2. Nf3 d5 3. g3 g6 4. Bg2 Bg7 5. O-O O-O 6. d3 c6 7. Kh1 Qb6 8. c3
Ng4 9. Qe1 Ne3 10. Bxe3 Qxe3 11. d4 Qe6 12. Ng5 Qd7 13. e4 e6 14. e5 b6 15. g4
Qe7 16. Qg3 Nd7 17. Nd2 c5 18. Ndf3 cxd4 19. cxd4 Ba6 20. Rg1 Be2 21. f5 Bxf3
22. Nxf3 exf5 23. gxf5 gxf5 24. Nh4 f4 25. Qxg7+ 1-0

[Event "OLNN 1718 Lübecker SV - Hamburger SK I"]
[Site "?"]
[Date "2018.02.25"]
[Round "7.4"]
[White "Christ, Ralf"]
[Black "Hinrichs, Lars"]
[Result "1-0"]
[WhiteElo "2264"]
[BlackElo "2210"]
[PlyCount "89"]
[EventDate "2018.??.??"]

1. Nf3 d6 2. d4 Nf6 3. c4 g6 4. Nc3 Bf5 5. Nh4 Bd7 6. e4 e5 7. Nf3 exd4 8. Nxd4
Bg7 9. Be2 Nc6 10. Be3 O-O 11. O-O a6 12. Qd2 Qe8 13. f3 b5 14. Nxc6 Bxc6 15.
Nd5 Nxd5 16. cxd5 Bb7 17. Rac1 Rc8 18. Rc2 c5 19. dxc6 Rxc6 20. Rxc6 Qxc6 21.
Rc1 Qd7 22. Rd1 Qe6 23. b3 d5 24. exd5 Bxd5 25. Bf2 Rd8 26. Bc4 bxc4 27. bxc4
Be5 28. cxd5 Qd6 29. g3 Rb8 30. Qd3 h5 31. f4 Bf6 32. Rd2 h4 33. Kg2 Kg7 34.
Qc4 Rb1 35. Bd4 Kh7 36. Bxf6 Qxf6 37. Qd3 Qa1 38. Qd4 Qxd4 39. Rxd4 hxg3 40.
hxg3 Rb7 41. Kf3 f5 42. Ke3 Kg7 43. Ra4 Ra7 44. Kd4 Kf6 45. Rc4 1-0

[Event "OLNN 1718 Lübecker SV - Hamburger SK I"]
[Site "?"]
[Date "2018.02.25"]
[Round "7.5"]
[White "Bach, Matthias"]
[Black "Lampe, Dirk"]
[Result "1-0"]
[WhiteElo "2256"]
[BlackElo "2201"]
[PlyCount "55"]
[EventDate "2018.??.??"]

1. d4 Nf6 2. c4 g6 3. Nc3 Bg7 4. e4 d6 5. f4 O-O 6. Nf3 c5 7. d5 e6 8. Be2 exd5
9. cxd5 Bg4 10. O-O Nbd7 11. h3 Bxf3 12. Bxf3 a6 13. a4 Rb8 14. Re1 Ne8 15. Be3
f5 16. Qc2 Qa5 17. Bf2 Qc7 18. exf5 gxf5 19. Nd1 Qd8 20. Re6 Nc7 21. Ne3 Nb6
22. Nxf5 Nxe6 23. dxe6 Qf6 24. e7 Rfe8 25. Re1 Nc8 26. Bh4 Qxb2 27. Qc4+ Kh8
28. Qf7 1-0

[Event "OLNN 1718 Lübecker SV - Hamburger SK I"]
[Site "?"]
[Date "2018.02.25"]
[Round "7.7"]
[White "Pajeken, Jakob Leon"]
[Black "Ehrke, Michael"]
[Result "1-0"]
[WhiteElo "2137"]
[BlackElo "2204"]
[PlyCount "57"]
[EventDate "2018.??.??"]

1. e4 e5 2. Nf3 Nc6 3. Bb5 f5 4. d3 fxe4 5. dxe4 Nf6 6. O-O Bc5 7. Bg5 d6 8.
Nc3 O-O 9. Qd3 Be6 10. Bc4 Qd7 11. Bxe6+ Qxe6 12. Bxf6 gxf6 13. Nd5 Nb4 14.
Nxb4 Bxb4 15. Nh4 Kh8 16. Nf5 Bc5 17. a3 a6 18. Rad1 b5 19. Kh1 Rad8 20. f4 c6
21. Qg3 Rg8 22. Qh4 d5 23. fxe5 fxe5 24. Nh6 Be7 25. Qh5 Rg6 26. Nf7+ Kg7 27.
Nxd8 Bxd8 28. exd5 cxd5 29. Qf3 1-0

[Event "OLNN 1718 Lübecker SV - Hamburger SK I"]
[Site "?"]
[Date "2018.02.25"]
[Round "7.8"]
[White "Frohberg, Marco"]
[Black "Holinka, Henning"]
[Result "1-0"]
[WhiteElo "2165"]
[BlackElo "2099"]
[PlyCount "71"]
[EventDate "2018.??.??"]

1. e4 g6 2. Nc3 Bg7 3. g3 c5 4. Bg2 Nc6 5. f4 d6 6. Nf3 e6 7. O-O Nge7 8. h3
O-O 9. Kh2 a6 10. d3 b5 11. Rb1 Bb7 12. Be3 Qb6 13. Ne2 a5 14. Bf2 b4 15. g4 a4
16. Ng3 b3 17. axb3 axb3 18. c3 f5 19. Ne2 fxe4 20. dxe4 Na5 21. Nd2 Ba6 22.
Bh4 Ra7 23. Rf3 d5 24. Ra1 Rd7 25. e5 Nec6 26. Nc1 c4 27. Ne2 Bb7 28. Rf1 Qc7
29. Nf3 Ba8 30. Bg3 Nb7 31. f5 gxf5 32. gxf5 Rxf5 33. Rxa8+ Rd8 34. Rxd8+ Nbxd8
35. Ned4 Rh5 36. Qe2 1-0

[Event "OLNN 1718 Preetzer TSV - Königsspringe"]
[Site "?"]
[Date "2018.02.25"]
[Round "7.1"]
[White "Pfreundt, Jakob"]
[Black "Pedersen, Steffen"]
[Result "1/2-1/2"]
[WhiteElo "2386"]
[BlackElo "2354"]
[PlyCount "165"]
[EventDate "2018.??.??"]

1. Nf3 Nf6 2. g3 d5 3. Bg2 c5 4. O-O Nc6 5. d4 e6 6. c4 dxc4 7. dxc5 Qxd1 8.
Rxd1 Bxc5 9. Nbd2 c3 10. bxc3 O-O 11. Nb3 Be7 12. c4 Bd7 13. Bb2 Rfd8 14. Nfd4
Nxd4 15. Rxd4 Bc6 16. Bxc6 bxc6 17. Na5 Rdc8 18. Bc3 Bc5 19. Rd3 Bb6 20. e3 Ne4
21. Be1 Nc5 22. Rdd1 e5 23. Bb4 Ne4 24. Nb7 c5 25. Be1 Rc6 26. Rab1 Rb8 27. Kg2
h5 28. f3 Nf6 29. Nd6 e4 30. f4 Ng4 31. Nf5 Re6 32. h3 Nf6 33. Bc3 Ne8 34. g4
g6 35. Nh6+ Kf8 36. f5 Rd6 37. Be5 Rxd1 38. Rxd1 Rd8 39. Rxd8 Bxd8 40. fxg6
fxg6 41. gxh5 Bg5 42. Ng4 gxh5 43. Nf2 Bxe3 44. Nxe4 Ke7 45. Kf3 Bg1 46. Kf4
Ke6 47. Ng5+ Kd7 48. Nf3 Bf2 49. Kf5 h4 50. Nd2 Nc7 51. Bxc7 Kxc7 52. Ke6 Kc6
53. Nf3 Bg3 54. Ne5+ Kb6 55. Nd3 Bh2 56. Kd5 Bg1 57. Ne5 Kc7 58. Nf3 Bf2 59.
Nd2 Kb6 60. Nb3 Bg1 61. Kd6 Bh2+ 62. Kd5 Bg1 63. a3 Bf2 64. Kd6 Bg3+ 65. Kd5
Bf2 66. a4 Bg1 67. Kd6 Bh2+ 68. Kd5 Bg1 69. a5+ Ka6 70. Kc6 Bf2 71. Kc7 Bg1 72.
Kc6 Bf2 73. Nxc5+ Kxa5 74. Nd3 Bg1 75. c5 Ka4 76. Kd5 Kb5 77. c6 Bh2 78. Nb2 a5
79. Nc4 Bc7 80. Nd6+ Kb6 81. Nc4+ Kb5 82. Nd6+ Kb6 83. Nc4+ 1/2-1/2

[Event "OLNN 1718 Preetzer TSV - Königsspringe"]
[Site "?"]
[Date "2018.02.25"]
[Round "7.2"]
[White "Schwarz, Frank"]
[Black "Zimmermann, Julian"]
[Result "1/2-1/2"]
[WhiteElo "2249"]
[BlackElo "2333"]
[PlyCount "26"]
[EventDate "2018.??.??"]

1. c4 Nf6 2. g3 e5 3. Bg2 c6 4. Nf3 e4 5. Nd4 d5 6. cxd5 cxd5 7. d3 Bc5 8. Nc2
Qa5+ 9. Bd2 Qb6 10. O-O Bg4 11. dxe4 dxe4 12. Nc3 Qe6 13. Be3 Bxe3 1/2-1/2

[Event "OLNN 1718 Preetzer TSV - Königsspringe"]
[Site "?"]
[Date "2018.02.25"]
[Round "7.3"]
[White "Schmidt, Jan-Peter"]
[Black "Reinecker, Kai"]
[Result "0-1"]
[WhiteElo "2246"]
[BlackElo "2241"]
[PlyCount "72"]
[EventDate "2018.??.??"]

1. Nf3 d5 2. e3 Nf6 3. c4 e6 4. b3 Be7 5. Bb2 O-O 6. Nc3 b6 7. d4 Bb7 8. Bd3
Nbd7 9. O-O Ne4 10. Qc2 Ndf6 11. Ne5 c5 12. Rfd1 cxd4 13. exd4 Nxc3 14. Bxc3
Rc8 15. Qe2 Ne4 16. Bb2 Bb4 17. a3 Bd6 18. b4 Qh4 19. f3 Bxe5 20. dxe5 Ng5 21.
Rac1 dxc4 22. Rxc4 Rxc4 23. Bxc4 Qh5 24. Rd7 Bc6 25. Rc7 Nxf3+ 26. gxf3 Bxf3
27. Qd2 h6 28. Bf1 Qg4+ 29. Kf2 Bd5 30. Rc3 Qh4+ 31. Kg1 Rd8 32. Rd3 Rc8 33.
Rg3 Qe4 34. Rg2 Qb1 35. Rf2 Qg6+ 36. Bg2 Bxg2 0-1

[Event "OLNN 1718 Preetzer TSV - Königsspringe"]
[Site "?"]
[Date "2018.02.25"]
[Round "7.4"]
[White "Willsch, Matthias"]
[Black "Dettmann, Steffen"]
[Result "0-1"]
[WhiteElo "2266"]
[BlackElo "2204"]
[PlyCount "70"]
[EventDate "2018.??.??"]

1. d4 d5 2. Nf3 Nf6 3. c4 e6 4. g3 Be7 5. Bg2 O-O 6. O-O dxc4 7. Ne5 Nc6 8.
Nxc6 bxc6 9. Na3 Bxa3 10. bxa3 Nd5 11. Qa4 Nc3 12. Qc2 Nb5 13. e3 Nd6 14. a4
Qd7 15. e4 Ba6 16. Rd1 f5 17. e5 Nc8 18. Ba3 Rd8 19. a5 Ne7 20. Bxe7 Qxe7 21.
Bxc6 Rab8 22. Qc3 Kf7 23. Rab1 Qf8 24. a4 Rxb1 25. Rxb1 Rb8 26. Rb2 Qd8 27. Qc2
Rb3 28. d5 Rd3 29. Qe2 c3 30. Qh5+ Kg8 31. Rc2 g6 32. Qh6 Rd1+ 33. Kg2 Bf1+ 34.
Kf3 Rd3+ 35. Kf4 Bg2 0-1

[Event "OLNN 1718 Preetzer TSV - Königsspringe"]
[Site "?"]
[Date "2018.02.25"]
[Round "7.5"]
[White "Borgmeyer, Max"]
[Black "Schuette, Andreas"]
[Result "1/2-1/2"]
[WhiteElo "2218"]
[BlackElo "2147"]
[PlyCount "83"]
[EventDate "2018.??.??"]

1. e4 d5 2. exd5 Qxd5 3. Nc3 Qd6 4. d4 Nf6 5. Be3 a6 6. Qd2 Nc6 7. a3 e5 8.
dxe5 Qxd2+ 9. Bxd2 Nxe5 10. O-O-O Bd6 11. h3 O-O 12. f4 Ned7 13. g4 Re8 14.
Nge2 Nc5 15. Ng3 Ne6 16. g5 Nd7 17. Nge2 f5 18. Bg2 Ndf8 19. h4 c6 20. h5 Bc7
21. Bh3 g6 22. hxg6 hxg6 23. Bg2 Re7 24. Rdf1 Bd7 25. Rf3 Rae8 26. Rfh3 Rh7 27.
Rxh7 Nxh7 28. Rh6 Nhf8 29. Rh4 Re7 30. Bf3 Rh7 31. Rxh7 Kxh7 32. Nd1 Kg8 33.
Nf2 Be8 34. Nd3 Nd7 35. Be3 Bf7 36. b3 Bd6 37. Kb2 Kf8 38. b4 Nc7 39. Nc3 Bc4
40. Ne1 Ne6 41. Ng2 Nc7 42. Nh4 1/2-1/2

[Event "OLNN 1718 Preetzer TSV - Königsspringe"]
[Site "?"]
[Date "2018.02.25"]
[Round "7.6"]
[White "Hamann, Carsten"]
[Black "Harder, Clemens"]
[Result "1-0"]
[WhiteElo "2119"]
[BlackElo "2187"]
[PlyCount "89"]
[EventDate "2018.??.??"]

1. e4 e5 2. Nf3 Nc6 3. Bb5 a6 4. Ba4 d6 5. O-O Bd7 6. c3 Nge7 7. d4 Ng6 8. Re1
Be7 9. d5 Nb8 10. Bc2 h6 11. c4 Bg5 12. Nc3 Bxc1 13. Qxc1 O-O 14. Qe3 f5 15.
exf5 Bxf5 16. Bxf5 Rxf5 17. Ne4 b6 18. b4 a5 19. a3 axb4 20. axb4 Nd7 21. Nfd2
Nf4 22. g3 Nh3+ 23. Kg2 Ng5 24. h4 Nxe4 25. Nxe4 Nf6 26. Nxf6+ Rxf6 27. Qc3
Rxa1 28. Rxa1 Rf7 29. Qe3 Qf6 30. Ra8+ Rf8 31. Rxf8+ Kxf8 32. Qf3 Ke7 33. Qg4
Kf7 34. Qd7+ Qe7 35. Qxe7+ Kxe7 36. g4 g5 37. h5 Kd7 38. Kf3 c6 39. Ke4 c5 40.
bxc5 bxc5 41. Kf5 Ke7 42. Kg6 e4 43. Kf5 Kf7 44. Kxe4 Kf6 45. f4 1-0

[Event "OLNN 1718 Preetzer TSV - Königsspringe"]
[Site "?"]
[Date "2018.02.25"]
[Round "7.7"]
[White "Lock, Adrian"]
[Black "Kornrumpf, Joachim"]
[Result "1-0"]
[WhiteElo "2071"]
[BlackElo "2059"]
[PlyCount "117"]
[EventDate "2018.??.??"]

1. e4 c5 2. Nf3 e6 3. b3 a6 4. Bb2 Nc6 5. d4 cxd4 6. Nxd4 Qc7 7. Nxc6 Qxc6 8.
Bd3 Nf6 9. Qe2 d6 10. O-O Be7 11. Nd2 O-O 12. c4 Bd7 13. Rac1 Rac8 14. Rfd1
Rfd8 15. e5 Ne8 16. Nf3 Qc7 17. exd6 Nxd6 18. c5 Ne8 19. Ne5 Bf6 20. Bxh7+ Kf8
21. Bd3 Bc6 22. Re1 Rd5 23. Bc4 Rdd8 24. Qh5 g6 25. Qh7 Bg7 26. Nxc6 Bxb2 27.
Nxd8 Qxd8 28. Rcd1 Qf6 29. Qh6+ Kg8 30. Qe3 Ba3 31. Qe5 Bxc5 32. Qxf6 Nxf6 33.
Rxe6 Kg7 34. Re2 a5 35. h3 b6 36. Kf1 Rc7 37. g3 Rb7 38. Bb5 Rc7 39. Kg2 Rb7
40. f4 Rc7 41. Rd3 Bb4 42. Bc4 Rb7 43. a4 Rc7 44. Rd8 Bc5 45. Kf3 Bb4 46. g4
Be7 47. Rb8 Bc5 48. g5 Nd7 49. Rd8 Nf8 50. Ree8 Ra7 51. h4 Be7 52. Rb8 Bc5 53.
Bb5 Rc7 54. Kg4 Ra7 55. h5 gxh5+ 56. Kxh5 Rc7 57. f5 Bb4 58. Bc4 Rd7 59. f6+
1-0

[Event "OLNN 1718 Preetzer TSV - Königsspringe"]
[Site "?"]
[Date "2018.02.25"]
[Round "7.8"]
[White "Dittmann, Hans-Adolf"]
[Black "Langmann, Markus"]
[Result "1/2-1/2"]
[WhiteElo "2079"]
[BlackElo "2078"]
[PlyCount "83"]
[EventDate "2018.??.??"]

1. e4 e6 2. d3 d5 3. Nd2 Nf6 4. g3 c5 5. Bg2 Nc6 6. Ngf3 Be7 7. O-O b6 8. Re1
Bb7 9. c3 h6 10. Qa4 Qc7 11. Nf1 dxe4 12. dxe4 Nd7 13. Bf4 Bd6 14. Bxd6 Qxd6
15. Rad1 Qc7 16. Ne3 O-O 17. Nc4 Rad8 18. Qb3 Nde5 19. Nfxe5 Nxe5 20. Nxe5 Qxe5
21. f4 Qc7 22. e5 Rxd1 23. Rxd1 Bxg2 24. Kxg2 Rd8 25. Kf2 Kf8 26. Ke3 Ke7 27.
Rxd8 Qxd8 28. Qa4 Qc7 29. Qe4 h5 30. h3 g6 31. g4 hxg4 32. hxg4 Qd7 33. c4 Qd1
34. f5 gxf5 35. gxf5 exf5 36. Qxf5 Qc1+ 37. Kf3 Qxc4 38. Qf6+ Ke8 39. Qc6+ Kf8
40. Qh6+ Kg8 41. Qg5+ Kh7 42. Qh5+ 1/2-1/2

[Event "OLNN 1718 Johanneum Eppendorf - Schachf"]
[Site "?"]
[Date "2018.02.25"]
[Round "7.1"]
[White "Schulz, Karsten"]
[Black "Zart, Ruediger"]
[Result "1-0"]
[WhiteElo "2258"]
[BlackElo "2227"]
[PlyCount "175"]
[EventDate "2018.??.??"]

1. Nf3 d5 2. g3 Nf6 3. Bg2 c6 4. O-O Bg4 5. d3 Nbd7 6. Qe1 e5 7. e4 Bd6 8. exd5
Bxf3 9. Bxf3 cxd5 10. c4 dxc4 11. dxc4 Qc7 12. b3 O-O 13. Nc3 a6 14. Bb2 Rfe8
15. Ne4 Nxe4 16. Bxe4 Nc5 17. Rd1 Rad8 18. Rd5 f6 19. Qe2 b6 20. Rfd1 a5 21.
Bxh7+ Kxh7 22. Rxd6 Rxd6 23. Rxd6 Qxd6 24. Qh5+ Kg8 25. Qxe8+ Kh7 26. Qh5+ Kg8
27. Qe2 e4 28. Ba3 f5 29. Bxc5 bxc5 30. Qe1 Kh7 31. Kg2 Qd8 32. Qe3 Qe7 33. Qd2
g5 34. Qd5 Kg6 35. Kf1 e3 36. g4 e2+ 37. Ke1 fxg4 38. Qd3+ Kf6 39. f3 gxf3 40.
Qxf3+ Kg6 41. Qxe2 Qf6 42. Kd2 Qb2+ 43. Kd3 Qb1+ 44. Kc3 Qa1+ 45. Qb2 Qe1+ 46.
Qd2 Qa1+ 47. Kd3 Qb1+ 48. Ke3 Qg1+ 49. Qf2 Qb1 50. Qd2 Qg1+ 51. Ke4 Qg4+ 52.
Kd3 Qf5+ 53. Kc3 Qe5+ 54. Kc2 Qa1 55. Qxa5 Kh5 56. Qa7 Kg4 57. Qd7+ Kh4 58.
Qh7+ Kg4 59. Qe4+ Kh5 60. Qf3+ Kh6 61. Qf8+ Kh5 62. Qf7+ Kh6 63. Qe6+ Kh5 64.
Qh3+ Kg6 65. Qd3+ Kh6 66. Qc3 Qxa2+ 67. Qb2 Qa7 68. Qh8+ Kg6 69. Kd3 Qe7 70.
Qh3 Qe1 71. Qe3 Qb1+ 72. Ke2 Qc2+ 73. Kf3 Qxh2 74. Qe6+ Kg7 75. Qe7+ Kg6 76.
Qxc5 Qh3+ 77. Ke4 Qxb3 78. Qd6+ Kh5 79. c5 g4 80. c6 Qf3+ 81. Ke5 Qc3+ 82. Ke6
g3 83. c7 Kg4 84. Qd7 Kf3 85. c8=Q Qe3+ 86. Kf7 g2 87. Qh3+ Kf2 88. Qxe3+ 1-0

[Event "OLNN 1718 Johanneum Eppendorf - Schachf"]
[Site "?"]
[Date "2018.02.25"]
[Round "7.2"]
[White "Schroeder, Christoph"]
[Black "de Jong, Migchiel"]
[Result "1/2-1/2"]
[WhiteElo "2213"]
[BlackElo "2348"]
[PlyCount "122"]
[EventDate "2018.??.??"]

1. e4 e6 2. d4 d5 3. Bd3 c5 4. exd5 exd5 5. Nf3 c4 6. Be2 Bd6 7. b3 cxb3 8.
axb3 Ne7 9. O-O Nbc6 10. Re1 O-O 11. Ba3 Bg4 12. h3 Bh5 13. c3 Rc8 14. Bxd6
Qxd6 15. Ne5 Bxe2 16. Qxe2 a6 17. Nxc6 Qxc6 18. Ra5 Rce8 19. Qf3 Ng6 20. Rd1 b5
21. g3 f5 22. c4 f4 23. g4 bxc4 24. bxc4 Qxc4 25. Qxd5+ Qxd5 26. Rxd5 f3 27.
Kh2 Nf4 28. Rf5 Rxf5 29. gxf5 Rd8 30. Kg3 Rxd4 31. Rxd4 Ne2+ 32. Kxf3 Nxd4+ 33.
Ke4 Nb5 34. Nd2 Kf7 35. Nc4 Kf6 36. Kf4 Nd4 37. Nd6 a5 38. Ne4+ Ke7 39. Ke5 Nb5
40. f6+ gxf6+ 41. Nxf6 a4 42. Nd5+ Kf7 43. Nb4 Nc3 44. Kd4 Nd1 45. f3 Nf2 46.
h4 Kg6 47. Kc4 Nd1 48. Nd5 Kf5 49. Kb4 Ke5 50. Ne7 Nb2 51. Ka3 Nc4+ 52. Kxa4
Nd2 53. h5 Nxf3 54. Kb4 Kf6 55. Nd5+ Kg5 56. h6 Ne5 57. Kc3 Ng4 58. Kd2 Nxh6
59. Ke2 Nf5 60. Kf2 h5 61. Kg2 Ne3+ 1/2-1/2

[Event "OLNN 1718 Johanneum Eppendorf - Schachf"]
[Site "?"]
[Date "2018.02.25"]
[Round "7.3"]
[White "Wolf, Christoph"]
[Black "Behrhorst, Frank"]
[Result "1/2-1/2"]
[WhiteElo "2194"]
[BlackElo "2243"]
[PlyCount "89"]
[EventDate "2018.??.??"]

1. e4 Nf6 2. e5 Nd5 3. d4 d6 4. c4 Nb6 5. exd6 cxd6 6. Nc3 g6 7. h3 Bg7 8. Nf3
O-O 9. Be2 Nc6 10. O-O Bf5 11. Re1 e5 12. Bg5 Bf6 13. Bxf6 Qxf6 14. d5 Ne7 15.
Qd2 Rfd8 16. a4 Qg7 17. a5 Nbc8 18. a6 Rb8 19. axb7 Rxb7 20. Ra6 Rb6 21. Rea1
Bd7 22. Rxb6 axb6 23. Ra8 f5 24. Bd1 e4 25. Nd4 Qe5 26. Nde2 Rf8 27. Qd4 Qxd4
28. Nxd4 Kf7 29. Ba4 Bxa4 30. Nxa4 f4 31. Ne6 Re8 32. Nc3 e3 33. Nxf4 Nf5 34.
Ne6 h6 35. Rb8 Nce7 36. Rxb6 Ra8 37. fxe3 Nxe3 38. b3 N7f5 39. Na4 Nxc4 40.
bxc4 Rxa4 41. Rc6 h5 42. g4 hxg4 43. hxg4 Ne3 44. Rxd6 Nxc4 45. Ng5+ 1/2-1/2

[Event "OLNN 1718 Johanneum Eppendorf - Schachf"]
[Site "?"]
[Date "2018.02.25"]
[Round "7.4"]
[White "Schueler, Hendrik"]
[Black "Reichmann, Hendrik"]
[Result "0-1"]
[WhiteElo "2136"]
[BlackElo "2331"]
[PlyCount "74"]
[EventDate "2018.??.??"]

1. d4 g6 2. e4 Bg7 3. Nf3 d6 4. Bc4 e6 5. Bb3 Ne7 6. O-O O-O 7. Re1 Nd7 8. Nbd2
b6 9. Nc4 Bb7 10. Bf4 Nf6 11. Ncd2 Nh5 12. Be3 e5 13. c3 Nc6 14. dxe5 Nxe5 15.
Nxe5 dxe5 16. Qf3 Qh4 17. g3 Qe7 18. Bc4 Kh8 19. Qg4 Rad8 20. Bf1 f5 21. exf5
Nf6 22. Qe2 gxf5 23. Bg2 Bxg2 24. Kxg2 Qf7 25. f3 Rd7 26. Nc4 Re8 27. Rad1 Rxd1
28. Rxd1 f4 29. Bf2 e4 30. fxe4 f3+ 31. Kxf3 Nxe4+ 32. Kg2 Nxf2 33. Qxf2 Qxc4
34. Re1 Qd5+ 35. Kg1 Rf8 36. Qg2 Qxa2 37. Qc6 Qxb2 0-1

[Event "OLNN 1718 Johanneum Eppendorf - Schachf"]
[Site "?"]
[Date "2018.02.25"]
[Round "7.5"]
[White "Rittemann, Steffen"]
[Black "Ahmels, Volker"]
[Result "1-0"]
[WhiteElo "2163"]
[BlackElo "2194"]
[PlyCount "101"]
[EventDate "2018.??.??"]

1. e4 e5 2. Bc4 Nf6 3. d3 c6 4. Nf3 d5 5. Bb3 Bd6 6. O-O O-O 7. Re1 dxe4 8.
dxe4 Bg4 9. h3 Bh5 10. c3 Na6 11. Nbd2 Bc7 12. Qe2 Nc5 13. Bc2 Ne6 14. Qf1 Nd7
15. Nh2 b5 16. g3 Bb6 17. Ndf3 Qf6 18. Kg2 h6 19. Ng4 Bxg4 20. hxg4 Rfe8 21.
Qe2 Ndf8 22. Rh1 Nh7 23. Nh4 Nhg5 24. Nf5 Rad8 25. a4 a6 26. axb5 axb5 27. Ra6
Rb8 28. Be3 Bxe3 29. Qxe3 Nh7 30. Rxc6 Nf4+ 31. gxf4 Qxc6 32. fxe5 Rxe5 33. Qd4
Qc5 34. f4 Qxd4 35. cxd4 Ree8 36. e5 Nf8 37. Kf3 b4 38. Bb3 Ne6 39. Ke4 Kf8 40.
Nd6 Re7 41. Nxf7 Rxf7 42. Bxe6 Rc7 43. Bb3 Rbc8 44. Kd3 Rc1 45. Rh2 Rf1 46. Ke4
Re1+ 47. Kf5 Ke7 48. Kg6 Re4 49. d5 Rxf4 50. d6+ Kf8 51. e6 1-0

[Event "OLNN 1718 Johanneum Eppendorf - Schachf"]
[Site "?"]
[Date "2018.02.25"]
[Round "7.6"]
[White "Wirthgen, Peter"]
[Black "Grahl, Arvid"]
[Result "0-1"]
[WhiteElo "2065"]
[BlackElo "2209"]
[PlyCount "80"]
[EventDate "2018.??.??"]

1. d4 Nf6 2. c4 g6 3. Nc3 Bg7 4. e4 d6 5. Be2 O-O 6. Nf3 e5 7. O-O Nh5 8. Re1
Nf4 9. Bf1 Bg4 10. d5 Qf6 11. Be2 a5 12. Be3 Na6 13. h3 Bd7 14. Bf1 g5 15. Nh2
Qg6 16. f3 f5 17. Bd3 Nxd3 18. Qxd3 f4 19. Bf2 h5 20. Qe2 Bf6 21. Reb1 Kf7 22.
Kf1 Rg8 23. a3 g4 24. fxg4 hxg4 25. Nxg4 Bxg4 26. hxg4 Qxg4 27. Qf3 Rg6 28. Ke2
Qxg2 29. Rg1 Qxf3+ 30. Kxf3 Rh6 31. Rg4 Rh3+ 32. Ke2 Rh2 33. Rag1 Nc5 34. R1g2
Rh3 35. Kd2 Nd3 36. Bh4 f3 37. R2g3 Rxh4 38. Rxh4 Bxh4 39. Rg4 f2 40. Ke2 Nf4+
0-1

[Event "OLNN 1718 Johanneum Eppendorf - Schachf"]
[Site "?"]
[Date "2018.02.25"]
[Round "7.7"]
[White "Heinsohn, Wilfried"]
[Black "Zobel, Andrej"]
[Result "1/2-1/2"]
[WhiteElo "2174"]
[BlackElo "2042"]
[PlyCount "73"]
[EventDate "2018.??.??"]

1. e4 e5 2. Nf3 Nc6 3. Bc4 Bc5 4. c3 Nf6 5. d3 d6 6. O-O a6 7. Bb3 O-O 8. Re1
Ba7 9. h3 Be6 10. Bc2 h6 11. Nbd2 d5 12. Nf1 dxe4 13. dxe4 Qxd1 14. Rxd1 Nh5
15. Be3 f6 16. Ba4 Bxe3 17. Nxe3 Ne7 18. Bd7 Bf7 19. g3 Rad8 20. Nh4 g5 21.
Nhf5 Nxf5 22. Nxf5 Kh7 23. Ne3 Ng7 24. b3 Be6 25. Bxe6 Nxe6 26. Kg2 Kg6 27. Kf3
h5 28. Nf5 g4+ 29. hxg4 Ng5+ 30. Ke3 hxg4 31. Rh1 Rh8 32. Rxh8 Rxh8 33. Rd1 Ne6
34. Rd7 Rh7 35. Nh4+ Kh6 36. Nf5+ Kg6 37. Nh4+ 1/2-1/2